| 000 | 01928nam0a2200385 4500 | ||
|---|---|---|---|
| 001 | RU\NLR\bibl\1047066 | ||
| 005 | 20260406082444.0 | ||
| 010 |
_a5-94955-079-X _910000 |
||
| 021 |
_aRU _b2006-87594 _94439 |
||
| 035 | _a(nilc)RSL-KNO-003020548 | ||
| 035 | _a(NLR Aleph) 001034420 | ||
| 090 |
_a779085 _c779085 |
||
| 100 | _a20070117d2007 |||y0rusy50 ca | ||
| 101 | 1 |
_arus _ceng |
|
| 102 | _aRU | ||
| 105 | _aa ||||||||| | ||
| 106 | _ar | ||
| 200 | 1 |
_aХребет Мира _fРоберт Сальваторе _g[пер. с англ. Е. Фурсиковой] |
|
| 210 |
_aМосква _cМаксима _d2007 [т.е. 2006] |
||
| 215 |
_a378, [2] с. _cил. _d18 |
||
| 225 | 1 |
_aЗабытые королевства _dForgotten realms _zeng |
|
| 225 | 1 | _aВсемирный бестселлер | |
| 300 | _aЗагл. обл.: Темный эльф. Хребет Мира | ||
| 300 | _aКн. фактически изд. в 2006 . | ||
| 512 | 1 |
_6z11790 _aТемный эльф. Хребет Мира |
|
| 610 | 0 | _aФилологические науки. Художественная литература -- США -- Американская литература -- с 1945 г. -- Произведения художественной литературы -- Художественная проза -- Романы. Повести. Рассказы -- Фантастические и мистические романы, повести, рассказы. Романы ужасов | |
| 686 |
_aШ5(7США)62-644.5 _2rubbk |
||
| 700 | 1 |
_4070 _8rus _7ca _aСальваторе _bР. А. _f1959- _gРоберт А. _3RU\NLR\auth\7747732 _930667 |
|
| 790 | 1 |
_4070 _8rus _7ca _aСальваторе _bР. А. _f1959- _gРоберт А. _3RU\NLR\auth\7747732 _930667 |
|
| 801 | 0 |
_aRU _bРКП _c20070117 _grcr |
|
| 801 | 1 |
_aRU _bРГБ _c20070117 |
|
| 801 | 2 |
_aRU _bNLR _c20070216 _grcr |
|
| 942 | _cBOOK | ||
| 980 | _aNB | ||